Prefix Click Quiz: C - Statistics

General Stats
  • This quiz has been taken 170 times
  • The average score is 13 of 15
Answer Stats
Hint Answer % Correct
Universe Cosm-
94%
Against Contra-
93%
Dog Can-
92%
Heart Cardi-
92%
Around Circum-
90%
Clay Ceram-
88%
Green Chlor-
88%
Hidden Crypt-
85%
Jail Carcer-
83%
Belief Cred-
81%
Dance Chore-
80%
Flesh Carn-
78%
Color Chrom-
78%
Eyelash Cili-
74%
Key Clav-
65%
No matching quizzes found
Score Distribution
Percent of People with Each Score
Percentile by Number Answered
Your Score History
You have not taken this quiz